Characters By Letter 2 - Statistics

General Stats
  • This quiz has been taken 29 times
  • The average score is 14 of 26
Answer Stats
Picture Answer % Correct
Kermit the Frog
100%
Freddy Krueger
87%
Bilbo Baggins
83%
Hannibal Lecter
83%
Ursula
83%
Yoda
83%
Austin Powers
78%
James Bond
78%
Mini Me
70%
Quasimodo
70%
Zorro
65%
Napoleon Dynamite
61%
Vito Corleone
57%
Xenomorph
57%
Galadriel
52%
Peter Pettigrew
52%
Lloyd Christmas
48%
Emmet
43%
Inigo Montoya
43%
Chernabog
26%
Otto Mann
22%
Stu Macher
22%
Dean Keaton
17%
The Thing
17%
Riff Randell
9%
Windows
9%
No matching quizzes found
Score Distribution
Percent of People with Each Score
Percentile by Number Answered
Your Score History
You have not taken this quiz